000 00676nam a2200217Ii 4500
003 JO-AjNU
008 230606s9999||||xx |||||||||||||| ||und||
020 _a978-0-521-51937-3 , 978-0-521-73464-6
040 _aJO-AjNU
_beng
_erda
_cJO-AjNU
041 _aeng
050 1 4 _aPR658 2010
100 3 _aEdited By: SMITH,EMMA , GARRETT A.SULLIVAN ,
_eauthor
_92575
245 0 0 _aENGLISH RENAISSANCE TRAGEDY
250 _a1 ed
264 3 1 _aNew York:CAMBRIDGE UNIVERSITY PRESS, 2010
300 _a274P
336 _atext
_btxt
_2rdacontent
337 _aunmediated
_bn
_2rdamedia
338 _avolume
_bnc
_2rdacarrier
650 4 _a English drama - History and criticism
_92576
999 _aE1347
_c1347
_d1347